00663cam a22002172 4500001001100000005001700011008004100028020001700069020001500086040001500101050002200116100003700138245009000175250001700265260004000282300002100322650002800343700003200371700003900403852000300442000001280020151217154415.0090320s xx 000 0 eng d a0071287493 : a0072994025 aKABUcKABU 0aHF5635b.S65 20071 aSpiceland, J. David.@000015190710aIntermediate accounting /cJ. David Spiceland, James F. Stepe, Lawrence A. Tomassini. arev. 4th ed. aBoston :bIrwin/McGraw-Hill,c2007. axxxviii, 1202 p. 0aAccounting.@00001483211 aStepe, James F.@00001519081 aTomassini, Lawrence A.@00001519091